The tao of objects : a beginner's guide to object - oriented programming

Αποθηκεύτηκε σε:
Λεπτομέρειες βιβλιογραφικής εγγραφής
Κύριος συγγραφέας: Entsminger, Gary
Μορφή: Βιβλίο
Γλώσσα:English
Δημοσίευση: M&T publishing, 1991
Θέματα:
Ετικέτες: Προσθήκη ετικέτας
Δεν υπάρχουν, Καταχωρήστε ετικέτα πρώτοι!

MARC

LEADER 00000nam a2200000 i 4500
001 1/21640
008 960709s1991 eng d
020 |a 0-13-882770-2 
035 |l 10021751 
040 |a GR-MY-UA  |b gre  |e aacr 
041 0 |a eng 
082 0 |a 005.1 
100 1 |a Entsminger, Gary. 
245 1 4 |a The tao of objects :  |b a beginner's guide to object - oriented programming /  |c Gary Entsminger 
260 |b M&T publishing,   |c 1991 
300 |a 250 p. 
500 |a Includes index 
650 0 0 |a Object-oriented programming (Computer science) 
852 |a INST  |b CHIOS  |e 19960709  |h 005.1 ENT  |p 005200002398  |q 005200002398  |t BK  |y 0 
909 |a Χ  |b 025283